000 00329nam a2200145Ia 4500
100 _aBarnett/Richard/ Ocull/Larry
942 _cBK
366 _f15
654 _aembedded
245 _aEmbedded C Programming and the Atmel AVR
260 _bThomsan Learning
_c2003
082 _a3.3
_bBAR
300 _a495
546 _aENGLISH
999 _c22265
_d22265